000
00306nam a22001337a 4500
020
_a
0-13-067703-5
082
_a
519.5024 SPR
100
_a
C.RICHARD , SPRINTHALL
_9
64982
245
_a
BASIC STATISTICAL ANALYSIS
250
_a
2ND
260
_a
PDF
_b
PRENTICE HALL
_c
1987
300
_a
433P
942
_c
BK
999
_c
573320
_d
573320